LEADER 01119nam a2200181 i 4500 001 000000005203 003 CaOOAMICUS 005 20180830125437.0 008 180830s1829 it u000 u ita u 040 $aSeMil$bita 245 10$aNuovo compendio della storia dell'Impero Ottomano dalla sua fondazione sino ai tempi presenti preceduto da un discorso intorno a Maometto ed ai califfi dedicato ai giovanetti di G.B. ... tolta dalle opere del sig. Ugo Pouqueville. Tomo 1. [2.]. 260 $aMilano :$bPer gli Editori dell' Indicatore lombardo,$c1829. 300 $a2 v. ;$c12°. 650 4$aImpero ottomano <1299-1922> - Storia.$0(OLS)http://semarc/subject/44579 774 0 $tTomo 1.$g1$w()101214 774 0 $tTomo 2.$g2$w()253793 996 $6245$aNuovo compendio della storia dell'Impero Ottomano dalla sua fondazione sino ai tempi presenti preceduto da un discorso intorno a Maometto ed ai califfi dedicato ai giovanetti di G.B. ... tolta dalle opere del sig. Ugo Pouqueville. Tomo 1. [2.]$9(OLS)http://semarc/title/400753 996 $6260$aMilano :$bPer gli Editori dell' Indicatore lombardo$9(OLS)http://semarc/publisher/55717 LEADER 00903nam a2200217 i 4500 001 000000081471 003 CaOOAMICUS 005 20180212000000.0 008 180212s2005 it u000 u ita u 013 $a53711 040 $aSeMil$bita 245 13$aLa fecondazione assistita :$briflessioni di otto grandi giuristi /$cprefazione di Umberto Veronesi. 260 $aMilano :$bCorriere della Sera,$c2005. 300 $a203 p. ;$c20 cm. 500 $aPubblicazione abbinata al Corriere della Sera. 700 1 $aVeronesi, Umberto <1925-2016>.$0(OLS)http://semarc/name/41398 850 $aSeMil 852 $aSeMil$W1$xVenegono$y1$m3L II 59$j46702$B46702$CSeMilBibl$Z2$F49070 $81 961 $aOmaggio: Altro 996 $6245$aLa fecondazione assistita :$briflessioni di otto grandi giuristi$9(OLS)http://semarc/title/404547 996 $6260$aMilano :$bCorriere della Sera$9(OLS)http://semarc/publisher/33390